00604 a2200205 45000010006000000050017000060080041000230030015000640400040000790800077001192450029001962500012002252640039002373000019002760410008002951000021003037000024003247000029003487000021003776187820260407155911.0260407a1967 arg spa dAR-UNSa-BCEJYS aAR-UNSa-BCEJYSbspacAR-UNSa-BCEJYS a336.77xCrédito. Función económica del crédito (Microcréditos)10aEl crédito documentado a2a. ed. 1aLa Plata :bEditora Platensec1967 a219 p.c23 cm. aspa1 aTorres, Pedro E.1 aRay, José Domingo1 aMendizábal, Marcial J.1 aMontiel, Luis B.